• 首页
  • 本馆介绍
  • 公告通知
  • 最新文献
  • 馆藏检索
  • 电子资源
  • 读者导购
  • 参考咨询
  • 我的图书馆
  • 登录
  • 详细信息显示
  • 放入我的书架
  • 预约/预借图书
  • 作者相关作品
  • 分类相关作品
  • 丛书相关作品
  • 出版社相关作品

书目信息

  • 表格格式
  • 工作单格式
  • 卡片格式
题名:
物质结构学习指导
    
 
作者: 倪行 , 高剑南 编著
分册:  
出版信息: 北京   科学出版社  1999
页数: 408页
开本: 20cm
丛书名:
单 册:
中图分类: O552.5
科图分类:
主题词: 物质结构--高等学校--教学参考资料 , 分子运动论
电子资源:
ISBN: 7-03-006863-7
000 00672nam0 2200229 45
001 0301061536
005 20031219104102.9
010    @a7-03-006863-7@dCNY20.00
100    @a20030106d1999 km y0chiy0120 ea
101 0  @achi
105    @aa z 000yy
200 1  @a物质结构学习指导@AWu Zhi Jie Gou Xue Xi Zhi Dao@f倪行,高剑南编著@FNi Xing,Gao Jian Nan Bian Zhu
210    @a北京@c科学出版社@d1999
215    @a408页@d20cm
300    @a高等院校选用教材系列
606 0  @a物质结构@x高等学校@x教学参考资料
606 0  @a分子运动论
690    @aO552.5@v4
701  0 @a倪行@4编著
701  0 @a高剑南@4编著
801    @aCN@bTSTC@c20030106
905    @b318885-887@dO552.5@e24@f3
    
    物质结构学习指导/倪行,高剑南编著.-北京:科学出版社,1999
    408页;20cm
    高等院校选用教材系列
    
    ISBN 7-03-006863-7:CNY20.00
    
●
相关链接 在E读中查询图书 在五车中查询图书 在当当中查询图书 在豆瓣中查询图书


正题名:物质结构学习指导     索取号:O552.5/24         预约/预借

序号 登录号 条形码 馆藏地/架位号 状态 备注
1 0318885   203188852   第三借阅区/ [索取号:O552.5/24] 在馆    
2 0318886   203188861   第三借阅区/ [索取号:O552.5/24] 在馆    
3 0318887   203188870   第二样本阅览室/ [索取号:O552.5/24] 在馆    
4 0323618   203236186   第三借阅区/ [索取号:O552.5/24] 在馆    
5 0323619   203236195   第三借阅区/ [索取号:O552.5/24] 在馆    
6 0323620   203236202   第三借阅区/ [索取号:O552.5/24] 在馆    
7 0323621   203236211   第三借阅区/ [索取号:O552.5/24] 在馆    
8 0323622   203236220   第三借阅区/ [索取号:O552.5/24] 在馆    
唐山师范学院图书馆 欢迎您!
大连网信软件有限公司© 版权所有